Name the Element by Symbol - Statistics

General Stats
  • This quiz has been taken 9 times
  • The average score is 14 of 20
Answer Stats
Hint Answer % Correct
Cd Cadmium
100%
U Uranium
100%
Pb Lead
89%
Hg Mercury
89%
Sn Tin
89%
Zr Zirconium
89%
Cr Chromium
78%
W Tungsten
78%
V Vanadium
78%
Fr Francium
67%
Mt Meitnerium
67%
Os Osmium
67%
Rf Rutherfordium
67%
Sg Seaborgium
67%
Ta Tantalum
67%
Cf Californium
56%
Md Mendelevium
56%
Sm Samarium
56%
Ts Tennessine
56%
Mc Moscovium
22%
No matching quizzes found
Score Distribution
Percent of People with Each Score
Percentile by Number Answered
Your Score History
You have not taken this quiz